Normal view
MARC view
- Social responsibility of business
Entry Topical Term
001 - CONTROL NUMBER
- control field: 26107
003 - CONTROL NUMBER IDENTIFIER
- control field: NUST
005 - DATE AND TIME OF LATEST TRANSACTION
- control field: 20191125103438.0
008 - FIXED-LENGTH DATA ELEMENTS
- fixed length control field: 191125|| aca||aabn | a|a d
040 ## - CATALOGING SOURCE
- Original cataloging agency: NUST
- Transcribing agency: NUST
150 ## - HEADING--TOPICAL TERM
- Topical term or geographic name entry element: Social responsibility of business
670 ## - SOURCE DATA FOUND
- Source citation: Work cat.: (NUST)0: Lütken, Søren Ender. 26106, Corporate strategies and the clean development mechanism :, c2008.
